| 000 | 00376nam a22001697a 4500 | ||
|---|---|---|---|
| 003 | SGT | ||
| 020 | _a9789389309263 | ||
| 082 |
_a614.1 _bC21D |
||
| 100 | _aDAMS | ||
| 245 | _aCONCEPT BOOK FORENSIC MEDICINE & TOXICOLOGY | ||
| 250 | _a1ST | ||
| 260 |
_aINDIA _bDAMS PUB _c2021 |
||
| 300 | _a307 | ||
| 650 | _aFORENSIC MEDICINE | ||
| 653 | _aEXAM BOOK | ||
| 942 |
_2ddc _cBK |
||
| 999 |
_c22464 _d22464 |
||